00490 a2200157 450000500170000001000130001702000230003003500130005303700160006608200110008210000210009324500960011426000500021027000500026030000220031020240516105848.0 aB-759054 a8176480231c500.00 aB-759054 bGift/Unesco a338.91 aMeher, Rajkishor aDevelopment Disparities in A backward Region (A District Level Analysis)/cRajkishore Meher aNew DelhibA.P.H Publishing Corporationc1999 a5, Ansari Road ,Darya GanjbNew Delhie110002 a252 p.c23cm (Hb)